000
00316nam a22001337a 4500
008
181205b xxu||||| |||| 00| 0 eng d
020
_a
9780130183491
041
_a
eng
080
_a
330
100
_a
55
101
_a
ECO
245
_a
Introduction Intenational Poltitical Economy
_c
David,N.B
942
_2
udc
_c
BK
999
_c
52880
_d
52880